| 000 | 01559nam0a2200361 i 4500 | ||
|---|---|---|---|
| 001 | RU\NLR\BIBL_A\010881251 | ||
| 005 | 20240921150816.0 | ||
| 010 |
_a978522224384 _92500 |
||
| 021 |
_aRU _b2015-78070 _94721 |
||
| 035 | _a(NILC)RuMoRGB-008037952 | ||
| 035 | _a(NLR Aleph) 010881251 | ||
| 090 |
_a10505682 _c10505682 |
||
| 100 | _a20151105d2016 um y0rusy50 ca | ||
| 101 | 0 | _arus | |
| 102 | _aRU | ||
| 105 | _ay|||g|||000yy | ||
| 200 | 1 |
_aЮридический справочник родителей школьника _eправа и обязанности учителя, права и обязанности родителей обучающихся, права, обязанности и ответственность учеников _fМ. Ю. Ильичева |
|
| 210 |
_aРостов-на-Дону _cФеникс _d2016 _d[т.е. 2015] |
||
| 215 |
_a151, [1] с. _d21 |
||
| 225 | 1 | _aЗакон и общество | |
| 300 | _aНа обл. авт. не указан | ||
| 300 | _aФактическая дата выхода в свет - 2015 | ||
| 333 | _a6+ | ||
| 606 | 1 |
_aСреднее образование _jСправочники _xПравовые вопросы _yРоссийская Федерация _92143009 _3RU\NLR\AUTH\661596001 |
|
| 675 | _a342 | ||
| 686 | 1 | _aЧ424(2Р)б | |
| 686 | 1 | _aХ621.151.0я2 | |
| 700 | 1 |
_aИльичева _bМ. Ю. _gМария Юрьевна _9133812 _3RU\NLR\AUTH\770133846 |
|
| 801 | 0 |
_aRU _bРГБ _c20151007 _gRCR |
|
| 942 | _cBOOK | ||
| 980 | _aNBR | ||